Sports Quiz

Random Sports or NBA Quiz

Unknown Facts Quiz (Easy) Stats

 Plays Quiz not verified by Sporcle

Support Sporcle.
Go Orange.
Score 0/30 Timer 09:00
0 Plays Today
% Correct
Rhode Island
85%
Air Jordan 1´s
82.5%
Lebron James
57.5%
Kobe Bryant (RIP MAMBA)
57.5%
Larry Bird and Robert Parish
55%
Warriors
50%
Manute Bol
47.5%
Celtics and Knicks
45%
Shaquille O´Neal
40%
Metta World Peace
37.5%
Raptors
32.5%
John Stockon
30%
Michael Jordan
25%
Oklahoma City Thunder
22.5%
Michael Jordan
20%
% Correct
Chris Webber
20%
Dikembe Mutombo
20%
Allen Iverson
17.5%
Rasheed Wallace
15%
Charles Barkley
12.5%
Muggsy Bogues
12.5%
Pau Gasol
12.5%
Tim Duncan
12.5%
Derrick Rose
10%
Toni Kukoc
10%
Anthony Davis
10%
Robert Parish
7.5%
Vince Carter
7.5%
Isiah Thomas
7.5%
Shawn Kemp
7.5%

You're not logged in!

Compare scores with friends on all Sporcle quizzes.
OR
Log In

From the Vault

Real or Fake Bank

by bowsntoys

We wouldn't bank on you getting your money back from a few of these places.
Remove Ads.
Support Sporcle.
Get the best of Sporcle when you Go Orange. This ad-free experience offers more features, more stats, and more fun while also helping to support Sporcle. Thank you for becoming a member.

Show Comments

Extras

Created Feb 17, 2020ReportNominate
Tags:NBA Quiz, KOT4Q

Top Quizzes Today


Score Distribution

Your Account Isn't Verified!

In order to create a playlist on Sporcle, you need to verify the email address you used during registration. Go to your Sporcle Settings to finish the process.

Report this User

Report this user for behavior that violates our Community Guidelines.

Details: